Champions League Topscorer 2013/14 - Statistiken

Allgemein
  • Dieses Quiz wurde 61 mal gespielt
  • Das Durchschnittsergebnis liegt bei 16 aus 21
Antwortstatistiken
Rang Nation Verein Tore Antwort % Korrekt
1 Portugal Real Madrid 17 Cristiano Ronaldo
100%
5 Polen BVB 6 Robert Lewandowski
98%
2 Schweden Paris Saint-Germain 10 Zlatan Ibrahimovic
98%
5 Wales Real Madrid 6 Gareth Bale
96%
3 Argentinien Barcelona 8 Lionel Messi
96%
8 Frankreich Real Madrid 5 Karim Benzema
95%
8 Deutschland BVB 5 Marco Reus
95%
5 Argentinien Manchester City 6 Sergio Agüero
95%
8 Deutschland Bayern München 5 Thomas Müller
95%
13 Niederlande Bayern München 4 Arjen Robben
89%
13 Brasilien Barcelona 4 Neymar
89%
13 Uruguay Paris Saint-Germain 4 Edinson Cavani
87%
13 Niederlande Manchester United 4 Robin van Persie
78%
8 Chile Juventus 5 Arturo Vidal
75%
13 Spanien Chelsea 4 Fernando Torres
75%
3 Brasilien Atletico Madrid 8 Diego Costa
69%
13 Türkei Atletico Madrid 4 Arda Turan
67%
13 Brasilien Zenit 4 Hulk
65%
13 Argentinien SSC Napoli 4 Gonzalo Higuain
53%
8 Spanien Manchester City 5 Alvaro Negredo
11%
13 Spanien Atletico Madrid 4 Raul Garcia
4%
Keine übereinstimmenden Quizze gefunden
Verteilung der Resultate
Anzahl Personen mit jedem Resultat
Perzentil nach korrekt beantworteten Fragen
Ihre Resultats-Entwicklung
Sie haben dieses Quiz noch nicht gespielt